书目信息 |
| 题名: |
北史选译
|
|
| 作者: | 李延寿 撰 ;刁忠明 译注 | |
| 分册: | ||
| 出版信息: | 成都 巴蜀书社 1991.10 |
|
| 页数: | 297页 | |
| 开本: | 19cm | |
| 丛书名: | 古代文史名著选译丛书 | |
| 单 册: | ||
| 中图分类: | K239.204.2 , I211 | |
| 科图分类: | ||
| 主题词: | 历史--中国--北朝时代--纪传体 , 历史 , 北朝时代--历史--纪传体 , 北朝时代 , 文学--作品集--中国 | |
| 电子资源: | ||
| ISBN: | 7-80523-358-6 | |
| 000 | 01042oam2 2200361 450 | |
| 001 | 1570564590 | |
| 005 | 20150121193631.87 | |
| 010 | @a7-80523-358-6 | |
| 100 | @a19920528d1991 em y0chiy0110 ea | |
| 101 | 0 | @achi |
| 102 | @aCN@b510000 | |
| 105 | @ay z 000yc | |
| 200 | 1 | @a北史选译@9bei shi xuan yi@f(唐)李延寿撰@g刁忠明译注 |
| 210 | @a成都@c巴蜀书社@d1991.10 | |
| 215 | @a297页@d19cm | |
| 225 | 2 | @a古代文史名著选译丛书@i魏晋南北朝@f章培恒等主编 |
| 300 | @a国家教委古籍整理“七·五”规划重点项目 | |
| 461 | 0 | @12001 @a古代文史名著选译丛书 |
| 462 | 0 | @12001 @a魏晋南北朝 |
| 605 | @a北史@x译文 | |
| 605 | @2CT@3S900309@a北史 | |
| 606 | 0 | @a历史@x中国@x北朝时代@x纪传体 |
| 606 | 0 | @a历史 |
| 606 | 0 | @a北朝时代@x历史@x纪传体 |
| 606 | 0 | @a北朝时代 |
| 606 | 0 | @a文学@x作品集@x中国 |
| 607 | @2CT@3S096218@a中国 | |
| 690 | @aK239.204.2@v三版 | |
| 690 | @aI211@v4 | |
| 701 | 0 | @a李延寿@9li yan shou@4撰 |
| 702 | 0 | @a刁忠明@9diao zhong ming@4译注 |
| 801 | 0 | @aCN@bTSSF@c20150121 |
| 905 | @aZUCC@dI211@eJY82 | |
| 北史选译/(唐)李延寿撰/刁忠明译注.-成都:巴蜀书社,1991.10 |
| 297页;19cm.-(古代文史名著选译丛书.魏晋南北朝/章培恒等主编) |
| 国家教委古籍整理“七·五”规划重点项目 |
| ISBN 7-80523-358-6: |
| ● |
| 相关链接 |
|
|
|
|
正题名:北史选译
索取号:I211/JY82
 
预约/预借
| 序号 | 登录号 | 条形码 | 馆藏地/架位号 | 状态 | 备注 |
| 1 | 7855988 | 278559882 | 学院路分馆/ [索取号:I211/JY82] | 在馆 | |
| 2 | 7855989 | 278559891 | 学院路分馆/ [索取号:I211/JY82] | 在馆 |